000 00645nam a22002057a 4500
003 DO-SdBNP
005 20220518090307.0
007 ta
008 210609b20212020 dr 00| 0 eng deng d
020 _a9789945621587
040 _aDO-SdBNP
_bspa
_cBNPHU
082 _axxx
_bR426r
110 1 0 _aRepública Dominicana.
_bMinisterio de Salud Pública y Asistencia Social
_978774
245 1 0 _aReglamento técnico de atención integral en salud de personas adolescentes
260 _aSanto Domingo :
_bMinisterio de Salud Pública,
_c2021.
300 _a28 p. ;
_c20 cm.
590 _aInventariado, 2022 / DG
910 _aDG
942 _2ddc
_cLF2
999 _c51750
_d51750